| 000 -LEADER |
| fixed length control field |
00573cam a2200193 a 4500 |
| 020 ## - INTERNATIONAL STANDARD BOOK NUMBER |
| ISBN |
0816515425 (alk. paper) |
| 020 ## - INTERNATIONAL STANDARD BOOK NUMBER |
| ISBN |
0816515654 (pbk. : alk. paper) |
| 040 ## - CATALOGING SOURCE |
| Transcribing agency |
DLC |
| 082 00 - DEWEY DECIMAL CLASSIFICATION NUMBER |
| Classification number |
331 UNI 1995 C154 Or. |
| 245 00 - TITLE STATEMENT |
| Title |
Gender and agricultural development : |
| Remainder of title |
surveying the field / |
| 260 ## - PUBLICATION, DISTRIBUTION, ETC. (IMPRINT) |
| Place of publication |
Tucson : |
| Name of publisher |
University of Arizona Press, |
| Year of publication |
c1995 |
| 300 ## - PHYSICAL DESCRIPTION |
| Number of Pages |
xvi, 161 p. ; |
| Dimensions |
24 cm |
| 650 #0 - SUBJECT ADDED ENTRY--TOPICAL TERM |
| Topical Term |
Women in agriculture |
| 650 #0 - SUBJECT ADDED ENTRY--TOPICAL TERM |
| Topical Term |
Women farmers |
| 650 #0 - SUBJECT ADDED ENTRY--TOPICAL TERM |
| Topical Term |
Women in development |
| 700 1# - ADDED ENTRY--PERSONAL NAME |
| Personal name |
Henderson, Helen Kreider |
| 700 1# - ADDED ENTRY--PERSONAL NAME |
| Personal name |
Hansen, Ellen |
| 942 ## - ADDED ENTRY ELEMENTS (KOHA) |
| Koha item type |
ADB |
| 952 ## - LOCATION AND ITEM INFORMATION (KOHA) |
| Withdrawn status [LOCAL, KOHA] |
0 |
| 952 ## - LOCATION AND ITEM INFORMATION (KOHA) |
| Withdrawn status [LOCAL, KOHA] |
0 |